Εγχειρίδιο εμπράγματου δικαίου
Αποθηκεύτηκε σε:
| Κύριος συγγραφέας: | |
|---|---|
| Μορφή: | Βιβλίο |
| Γλώσσα: | Greek |
| Δημοσίευση: |
Θεσσαλονίκη ; Αθήνα :
Σάκκουλα, Αφοί,
1972
|
| Έκδοση: | 4η έκδ. |
| Θέματα: | |
| Ετικέτες: |
Προσθήκη ετικέτας
Δεν υπάρχουν, Καταχωρήστε ετικέτα πρώτοι!
|
MARC
| LEADER | 00000cam a2200000 i 4500 | ||
|---|---|---|---|
| 001 | 1/35347 | ||
| 008 | 061010s1972 gre d | ||
| 035 | |l 10085507 | ||
| 040 | |a GR-MY-UA |b gre |e aacr | ||
| 041 | 0 | |a gre | |
| 082 | 0 | |a 346.043 |2 (22) | |
| 100 | 1 | |a Βαβούσκος, Κωνσταντίνος Αν., |d 1921- | |
| 245 | 1 | 0 | |a Εγχειρίδιο εμπράγματου δικαίου / |c Κωνσταντίνου Αναστ. Βασβούσκου |
| 250 | |a 4η έκδ. | ||
| 260 | |a Θεσσαλονίκη ; Αθήνα : |b Σάκκουλα, Αφοί, |c 1972 | ||
| 300 | |a 350 σ.; |c 24 εκ. | ||
| 650 | 0 | 0 | |a Real property |z Greece. |
| 852 | |a INST |b CHIOS |e 20061010 |h 346.043 ΒΑΒ |p 005200027052 |q 005200027052 |t BK |y 0 | ||
| 901 | |a BIBL2-2006-3 | ||
| 909 | |a Χ |b 120263 | ||
| 970 | |a ΒΑΣΙΛΑΚΗ |b ΝΙΚΗ |z 2006/10/10 | ||